| 000 | 00927nam a2200277 a 4500 | ||
|---|---|---|---|
| 999 |
_c2030 _d2030 |
||
| 003 | OSt | ||
| 005 | 20190627114034.0 | ||
| 008 | 131107s1999 sz ||||| |||| 00| 0 eng d | ||
| 020 | _a92-4-154526-7 | ||
| 040 | _cBiblioteca Medicina | ||
| 041 | _aeng | ||
| 082 | _aOMS QV 33 | ||
| 110 |
_aOrganizacion Mundial de la Salud _91006 |
||
| 245 | 0 | 0 | _aQuality assurance of pharmaceuticals . A compendium of guidelines and related materials. Vol. 2: Good manufacturing practices and inspection |
| 250 | _a1° ed. | ||
| 260 |
_aGinebra _bOrganizacion Mundial de la Salud _c1999 |
||
| 300 | _a196 p. | ||
| 500 | _aQuality assurance of pharmaceuticals | ||
| 546 | _aTexto en ingles | ||
| 653 | _aCONTROL DE MEDICAMENTOS Y NARCOTICOS-NORMAS | ||
| 653 | _aINDUSTRIA FARMACEUTICA-NORMAS | ||
| 653 | _aPREPARACIONES FARMACEUTICAS-PROVISION Y DISTRIBUCION | ||
| 653 | _aCONTROL DE CALIDAD | ||
| 653 | _aGUIAS | ||
| 942 |
_2ddc _cPH |
||